| 000 | 00365cam a2200145ua 4500 | ||
|---|---|---|---|
| 041 |
_aeng _h |
||
| 082 |
_a821 _bSPE/CO |
||
| 100 | _aSpender, Stephen . | ||
| 245 |
_aCollected poems 1928-1953 / _cStephen Spender. _hTextual Documents |
||
| 260 |
_aLondon : _bFaber and Faber Ltd , _c1959. |
||
| 300 | _a211 ; . | ||
| 504 | _a | ||
| 942 | _cBK | ||
| 999 |
_c5168 _d5168 |
||